000 03156cam a2200505M 4500
001 9781003182382
003 FlBoTFG
005 20250131102540.0
006 m o d
007 cr |n|||||||||
008 230328s2022 xx o 0|| 0 eng d
020 _a9781000873719
_q(electronic bk.)
020 _a1000873714
_q(electronic bk.)
020 _a9781003182382
_q(electronic bk.)
020 _a1003182380
_q(electronic bk.)
020 _a1000873692
_q(electronic bk. : PDF)
020 _a9781000873696
_q(electronic bk.)
020 _z1032022116
020 _z9781032022116
024 7 _a10.4324/9781003182382
_2doi
040 _aKO
_beng
041 0 _aeng
082 0 4 _a387.50289
_223/eng/20230201
245 0 0 _aMARITIME CRIME AND POLICING
_h[electronic resource].
260 _a[S.l.] :
_bROUTLEDGE,
_c2022.
300 _a1 online resource.
490 0 _aRoutledge frontiers of criminal justice
520 _aThis book offers a unique and scholarly perspective on a little-studied subject: maritime crime and policing. The seas and oceans cover 70 percent of the earth's surface and 90 percent of world trade by volume travels by sea. Furthermore, the refugee crisis has produced an inflow of people attempting to find a better life, particularly in Northwest Europe and the UK, which has had an impact on the maritime domains of European ports. While there has been attention paid to the role of maritime policing by scholars in maritime security studies, little attention has been paid by criminologists and policing studies scholars. This book aims to fill this gap. Bringing together a range of international scholars, this book covers a variety of topics pertinent to maritime crime and its policing, such as fraud, piracy and armed robbery at sea, illegal and unregulated fishing, smuggling, people trafficking, illegal immigration, illegal dumping and pollution, arms trafficking, terrorism, and cargo theft. It brings together new perspectives on several key criminological themes such as transnational organised crime, criminalisation, and securitisation and provides a bold new direction for the landlocked discipline of criminology and policing studies. An accessible and compelling read, this book will be of interest to students and scholars of criminology, policing, sociology, politics, migration studies, and all those interested in the policing of the sea.
650 0 _aShipping
_xSecurity measures.
650 0 _aHarbors
_xSecurity measures.
650 0 _aCrime prevention.
650 0 _aPolice.
650 0 _aCriminology.
650 7 _aBUSINESS & ECONOMICS / Industries / Transportation
_2bisacsh
650 7 _aLAW / Maritime
_2bisacsh
650 7 _aPOLITICAL SCIENCE / Political Freedom & Security / Law Enforcement
_2bisacsh
700 1 _aEski, Yarin,
_eeditor.
700 1 _aWright, Martin,
_cDr.,
_eeditor.
856 4 0 _3Taylor & Francis
_uhttps://www.taylorfrancis.com/books/9781003182382
856 4 2 _3OCLC metadata license agreement
_uhttp://www.oclc.org/content/dam/oclc/forms/terms/vbrl-201703.pdf
904 _aRUDRA_R
905 _aR_RANJAN
942 _2 ddc
_cEB
999 _c3136
_d3136